| 000 | 00737cad a22001935a 4500 | ||
|---|---|---|---|
| 001 | L150575 | ||
| 008 | 100729e2010 xxk 000 0 eng d | ||
| 035 | _a(Sirsi) u150575 | ||
| 041 | 0 | _aeng | |
| 110 | 2 | _aHousebuilder | |
| 245 | 0 | 0 |
_aHouse registrations take a dip _bNHBC _h[electronic resource] |
| 260 | _c2010 | ||
| 520 | _aThe number of registrations to build new homes in the UK dipped in June 2010, but the figures were still up on June 2009, according to the latest NHBC data. | ||
| 590 | _aKA NTK | ||
| 651 | 4 |
_aUnited Kingdom _y |
|
| 690 | _aBUILT ENVIRONMENT-CONSTRUCTION MARKET | ||
| 856 | 4 | 8 |
_uhttps://www.house-builder.co.uk/rss/news.php?id=5130 _zView the website free of charge at www.house-builder.co.uk |
| 942 | _n0 | ||
| 999 |
_c82564 _d82564 |
||